| 000 | 01589cam a2200373 a 4500 | ||
|---|---|---|---|
| 999 |
_c57497 _d57497 |
||
| 001 | 15219157 | ||
| 005 | 20200629132544.0 | ||
| 008 | 080314s2008 si a b 001 0 eng | ||
| 010 | _a 2008012023 | ||
| 020 | _a9780470823538 (cloth) | ||
| 020 | _a0470823534 (cloth) | ||
| 035 | _a(OCoLC)ocn213495315 | ||
| 040 |
_aDLC _cDLC _dBTCTA _dBAKER _dYDXCP _dC#P _dBWK _dBWX _dCDX _dDLC |
||
| 041 | _aeng | ||
| 050 | 0 | 0 |
_aTK5102.9 _b.S796 2008 |
| 080 | _a621.38 S-92 | ||
| 082 | 0 | 0 |
_a621.382/23 _222 |
| 100 | 1 |
_aSundararajan, D. _98870 |
|
| 245 | 1 | 2 |
_aA practical approach to signals and systems / _cD. Sundararajan. |
| 260 |
_aSingapore ; _aHoboken, NJ : _bJohn Wiley & Sons (Asia), _cc2008. |
||
| 300 |
_axiv, 381 p. : _bill. ; _c26 cm. |
||
| 504 | _aIncludes bibliographical references and index. | ||
| 650 | 0 |
_aSignal theory (Telecommunication) _98871 |
|
| 650 | 0 |
_aSignal processing. _98495 |
|
| 650 | 0 |
_aSystem analysis. _98872 |
|
| 653 | _aინჟინერია | ||
| 653 | _aსიგნალების სისტემები | ||
| 856 | 4 | 2 |
_3Contributor biographical information _uhttp://www.loc.gov/catdir/enhancements/fy0827/2008012023-b.html |
| 856 | 4 | 2 |
_3Publisher description _uhttp://www.loc.gov/catdir/enhancements/fy0827/2008012023-d.html |
| 856 | 4 | 1 |
_3Table of contents only _uhttp://www.loc.gov/catdir/enhancements/fy0827/2008012023-t.html |
| 906 |
_a7 _bcbc _corignew _d1 _eecip _f20 _gy-gencatlg |
||
| 942 |
_2udc _cBK |
||
| 955 |
_ajg12 2008-03-14 _ijg12 2008-03-14 _aaa07 2008-03-19 _axe08 2009-08-20 1 copy rec'd., to CIP ver. _axh00 2009-08-24 to USPL/STM |
||